| 000 | 01355cam a2200253 4500 | ||
|---|---|---|---|
| 001 | ABS63103 | ||
| 008 | 000000n2000 000 0 eng u | ||
| 035 | _a(Sirsi) u109509 | ||
| 100 | _aBrewer, G | ||
| 245 | _aCharter or contract? | ||
| 260 | _c2000 | ||
| 490 |
_aContract Journal _v406(6303) 15 November 2000, 28(1) |
||
| 520 | _aConsiders the formation of contract in relation to the case of "Birse Construction Ltd v St David Ltd". The judge decided that a contract had been formed between the two parties because they had signed a partnering charter before works started. Birse applied to the CA for permission to appeal against the decision. In examining whether the parties had reached a concluded contract, reference was made to the judgment in "Pagnan v Feed Products Ltd". Taking into account the key principles in "Pagnan", it was concluded that no contract had been formed, and Birse was entitled to remuneration on a quantum meruit. | ||
| 590 | _aABS | ||
| 650 | _aCONTRACT AGREEMENTS | ||
| 650 | _aCONSTRUCTION DISPUTES | ||
| 650 | _aBUILT ENVIRONMENT-BUILDING CONTRACT FORMS | ||
| 650 | _aBUILT ENVIRONMENT-BUILDING COSTS | ||
| 650 | _aPAGNAN V FEED PRODUCTS | ||
| 650 | _aBIRSE CONSTRUCTION LTD V ST DAVID LTD | ||
| 650 | _aFORMATION OF CONTRACT | ||
| 690 | _aBUILT ENVIRONMENT-BUILDING CONTRACT FORMS | ||
| 942 | _n0 | ||
| 999 |
_c65380 _d65380 |
||